LEADER 02041nam a2200337 a 4500 001 000000116050 003 CaOOAMICUS 005 20080610153601.0 008 080610s1587 it a u001 u lat r 026 $as,i- 74n-$be-um &*ni (3)$c1587 (R) 040 $aPUL$bita$dmdb 100 1 $aMusso, Cornelio,$cvesc. succ. di Bertinoro e Bitonto,$d1511-1579.$0(OLS)http://pul/name/25471 245 10$aDe divina historia libri tres r.mi p.f. Cornelii Mussi Placentini ... In quibus copiose ac dilucide tractatur. De divine essentie aeternitate. De divine nature veritate. Deque eiusdem divine nature fecunditate. Ad SAnctissimum Dom. nostrum D. Sixtum V. Pont. Max. . 260 $aVenetiis :$bapud Iuntas,$c1587$e(Venetiis :$fapud Iuntas,$g1587) 300 $a[36], 234 c. :$bill. ;$c4° (24 cm) 500 $aMarca tip. sul front. e sul coloph. (U90 - V367) 500 $aSegnatura: [ast]-2[ast]4 a-c8 d4 A-I8 K4 L2 M-X8 Y4 Z8 Aa-Hh8 500 $aInclude indici. 500 $aRegistro sul coloph. 500 $aIniziali xil. 500 $aTavola xil. a c.[ast]4v. 662 $aItalia$dVenezia.$0(OLS)http://pul/subject/34951 710 0 $aGiunta, Lucantonio II,$d1566-1601$4pbl.$0(OLS)http://pul/name/71294 850 $aPUL 852 $aPUL$W1$xDP1 Antico 500$y12$m48 B 10$j132983$qStampati Antico$B131984$CPULBib$Z2$F131984 $82 856 0$uhttp://aquabrowser.pul.it/cinquecentine/48B10-1.jpg 856 0$uhttp://aquabrowser.pul.it/cinquecentine/48B10-2.jpg 941 1 $a15 961 $aPrecedente collocazione: Int P 2.Precedente appartenenza: Coll. Rom.-Bibl. Sup.Stemmi dell'ordine dei Gesuiti (JHS) e di Gregorio XIII sul dorso. 996 $6245$aDe divina historia libri tres r.mi p.f. Cornelii Mussi Placentini ... In quibus copiose ac dilucide tractatur. De divine essentie aeternitate. De divine nature veritate. Deque eiusdem divine nature fecunditate. Ad SAnctissimum Dom. nostrum D. Sixtum V. Pont. Max. $9(OLS)http://pul/title/145846 996 $6260$aVenetiis :$bapud Iuntas$9(OLS)http://pul/publisher/48752 LEADER 01136nam a2200289 a 4500 001 000000170043 003 CaOOAMICUS 005 20181018131142.0 008 181018s2000 fr u000 u fre r 020 $a2-13-044793-7* 032 $aLibriCat 040 $aPUL$bita 100 1 $aBergson, Henri,$d1859-1941.$0(OLS)http://pul/name/16388 245 14$aLes deux sources de la morale et de la religion /$cHenri Bergson. 250 $a8e édition. 260 $aParis :$bPresses Universitaires de France,$c2008. 300 $a340 p. ;$c19 cm. 490 1 $aQuadrige 650 4$aMorale e religione.$0(OLS)http://pul/subject/10107 830 0$aQuadrige (Presses universitaires de France).$0(OLS)http://pul/title/102993 850 $aPUL 852 $aPUL$W1$xDP1 Fondo Seidl$y56$m4 D 52$j177106$qFondi$B198231$CPULBib$Z2$F198231 $81 941 1 $a1 996 $6020$a2-13-044793-7*$9(OLS)http://pul/number/164992 996 $6245$aLes deux sources de la morale et de la religion$9(OLS)http://pul/title/152145 996 $6260$aParis :$bPresses Universitaires de France$9(OLS)http://pul/publisher/47940